Ortadoğu çıkmazı (Record no. 3659)

MARC details
000 -BAŞLIK
Sabit Uzunlukta Kontrol Alanı 00867na a2200301 4500
001 - KONTROL NUMARASI
Denetim Alanı 19068
003 - KONTROL NUMARASI IDENTIFIER
Denetim Alanı MIRAKIL
005 - SON İŞLEM TARİHİ VE ZAMANI
Denetim Alanı 20181213154939.0
008 - SABİT-BOY VERİ ELEMANLARI - GENEL BİLGİLER
Sabit Uzunlukta Kontrol Alanı 161208b tu 000 0
040 ## - KATALOGLAMA KAYNAK
Orijinal Kataloglama Ajansı Milas
Kataloglama Dili tur
Metne Dönüştürmek Ajansı TR-AnCHP
041 ## - DİL KODU
Metin / Ses Parça Veya Ayrı Başlığın Dil Kodu tur
082 ## - DEWEY ONLU SINIFLANDIRMA NUMARASI
Sınıflandırma Numarası 327.9563
Ürün Numarası Ç25o 1988
090 ## - SINIFLAMA NUMARASI
Sınıflama Numarası 327.9563 Ç25o 1988
100 ## - ANA GİRİŞ - KİŞİSEL İSİM
Kişisel Ad Çandar, Cengiz
245 ## - BAŞLIK TABLOSU
Başlık Ortadoğu çıkmazı
Sorumluluk Tablosu, Vb Cengiz Çandar
250 ## - EDITION TABLOSU
Baskı Beyanı 4. bs.
260 ## - YAYIN, DAĞITIM, VB
Yayın, Dağıtım, Vb Yeri İstanbul
Yayıncı, Dağıtıcı, Vs Adı Seçkin yayıncılık
Yayın, Dağıtım, Vb Tarihi 1988
300 ## - FİZİKSEL TANIM
Kapsam 240 s.
Boyutlar 19 sm.
440 ## - SERİSİ TABLOSU / KATMA GİRİŞİ - BAŞLIK
Başlık Seçkin yayıncılık
Hacim / Ardışık Tanımı 15
504 ## - KAYNAKÇA VB NOT
Kaynakça Vb Notu Kaynakça var.
651 ## - KONU KATMA GİRİŞ - COĞRAFİ ADI
Coğrafi İsim Orta Doğu
Genel Alt Bölümü Siyasal koşullar
651 ## - KONU KATMA GİRİŞ - COĞRAFİ ADI
Coğrafi İsim Orta Doğu
Genel Alt Bölümü Dış ilişkiler
651 ## - KONU KATMA GİRİŞ - COĞRAFİ ADI
Coğrafi İsim İslam ülkeleri
Genel Alt Bölümü Dış ilişkiler
651 ## - KONU KATMA GİRİŞ - COĞRAFİ ADI
Coğrafi İsim Orta Doğu
Genel Alt Bölümü Siyaset ve yönetim
Coğrafi Alt Bölümü Tarih
700 ## - KATMA GİRİŞ - KİŞİSEL İSİM
Kişisel Ad Gürtuna, Anıl
942 ## - EKLENDİ GİRİŞ ELEMANLARI (KOHA)
Sınıflandırma Veya Raf Düzeni Kaynak Dewey Decimal Classification
Koha Öğesi Türü Books
999 ## - SİSTEM KONTROL NUMARALARI (KOHA)
Koha Biblionumber 3659
Koha Biblioitemnumber 3659
657 ## - INDEX SÜRE - İŞLEVİ
-- Büyük Ortadoğu Projesi
Holdings
Kalıcı Konum Mevcut Konum Edinme Tarihi Edinim Kaynak Toplam Check-Out'Lar Tam Çağrı Numarası Barkod Tarih Son Görülme İtibaren Geçerli Fiyatlar Koha Öğesi Türü
CHP Kütüphanesi CHP Kütüphanesi 12/08/2016 Bağış   327.9563 Ç25o 1988 011044 12/08/2016 12/08/2016 Books